Environmental management and economic development / (Record no. 3482)

MARC details
000 -LEADER
fixed length control field 01008cam a2200289 a 4500
001 - CONTROL NUMBER
control field 2452065
003 - CONTROL NUMBER IDENTIFIER
control field OSt
005 - DATE AND TIME OF LATEST TRANSACTION
control field 20160412185111.0
008 - FIXED-LENGTH DATA ELEMENTS--GENERAL INFORMATION
fixed length control field 890330s1989 mdua b 001 0 eng
010 ## - LIBRARY OF CONGRESS CONTROL NUMBER
LC control number 89008001
020 ## - INTERNATIONAL STANDARD BOOK NUMBER
International Standard Book Number 0801839505
020 ## - INTERNATIONAL STANDARD BOOK NUMBER
International Standard Book Number 0801839041 (pbk.)
040 ## - CATALOGING SOURCE
Original cataloging agency DLC
Transcribing agency DLC
Modifying agency DLC
050 00 - LIBRARY OF CONGRESS CALL NUMBER
Classification number HD75.6
Item number .E57 1989
082 00 - DEWEY DECIMAL CLASSIFICATION NUMBER
Classification number 363.7
Edition number 20
Item number ENV 1989
245 00 - TITLE STATEMENT
Title Environmental management and economic development /
Statement of responsibility, etc. Gunter Schramm and Jeremy J. Warford, editors.
260 ## - PUBLICATION, DISTRIBUTION, ETC. (IMPRINT)
Place of publication, distribution, etc. Baltimore :
Name of publisher, distributor, etc. Published for the World Bank [by] Johns Hopkins University Press,
Date of publication, distribution, etc. 1989.
300 ## - PHYSICAL DESCRIPTION
Extent x, 208 p. :
Other physical details ill. ;
Dimensions 25 cm.
504 ## - BIBLIOGRAPHY, ETC. NOTE
Bibliography, etc Includes bibliographical references.
650 #0 - SUBJECT ADDED ENTRY--TOPICAL TERM
Topical term or geographic name as entry element Economic development
General subdivision Environmental aspects.
9 (RLIN) 1104
650 #0 - SUBJECT ADDED ENTRY--TOPICAL TERM
Topical term or geographic name as entry element Environmental management.
9 (RLIN) 583
700 1# - ADDED ENTRY--PERSONAL NAME
Personal name Schramm, Gunter.
9 (RLIN) 7784
700 1# - ADDED ENTRY--PERSONAL NAME
Personal name Warford, Jeremy J.
9 (RLIN) 7785
906 ## - LOCAL DATA ELEMENT F, LDF (RLIN)
a 7
b cbc
c orignew
d 1
e ocip
f 19
g y-gencatlg
942 ## - ADDED ENTRY ELEMENTS (KOHA)
Source of classification or shelving scheme Dewey Decimal Classification
Koha item type Short Loan
Holdings
Withdrawn status Lost status Source of classification or shelving scheme Damaged status Not for loan Home library Current library Date acquired Inventory number Total Checkouts Full call number Barcode Date last seen Price effective from Koha item type
    Dewey Decimal Classification     MUST Main Library MUST Main Library 12/04/2016 2003/17906   363.7 ENV 1989 2016-0763 12/04/2016 12/04/2016 Short Loan
    Dewey Decimal Classification     MUST Main Library MUST Main Library 13/04/2016 2003/17905   363.7 ENV 1989 2016-0818 13/04/2016 13/04/2016 Short Loan